OSCILLATION IN SECOND ORDER LINEAR DELAY DIFFERENTIAL EQUATIONS WITH NONLINEAR IMPULSES

Podrobná bibliografia
Hlavní autori: Zhimin He (Autor), Weigao Ge (Autor)
Médium: Článok
Jazyk:angličtina

MARC

LEADER 00000nab a2200000uu 4500
001 vtls011450686
003 SK-MaSNL
005 20260303151309.0
008 230222|2002 xo |||||||||||||||||eng|
015 |a SNBRB 
035 |a (urnnbn)urn:nbn:sk:snk:ar-006jx5 
035 |a (uuid)9b444e50-4890-4bfb-9971-3c15d9ff0bba 
035 |a urn:nbn:sk:snk-abcmth 
040 |a SNKBUCL  |b slo  |c SNKBUCL  |e AACR2 
041 0 |a eng 
044 |a xo  |c SK 
100 1 |a Zhimin He  |4 aut  |9 1170688 
245 1 0 |a OSCILLATION IN SECOND ORDER LINEAR DELAY DIFFERENTIAL EQUATIONS WITH NONLINEAR IMPULSES  |c Zhimin He, Weigao Ge 
700 1 |a Weigao Ge  |4 aut  |9 1170689 
773 0 |t Mathematica Slovaca  |g Roč. 52, č. 3 (2002), s. 331-341 
958 |a OND 
958 |a EUIPO 
958 |a article16 
999 |c 2016996  |d 2018926